| 000 | 00955cam a2200277 a 4500 | ||
|---|---|---|---|
| 001 | 24534 | ||
| 003 | BD-RjUL | ||
| 005 | 20211209001050.0 | ||
| 008 | 110224r19661959nyua j b 001 0 eng d | ||
| 020 | _a9781615305223 (library binding) | ||
| 035 | _a(BD-RjUL)24601 | ||
| 040 |
_aDLC _cDLC _dDLC _dBD-RjUL _beng |
||
| 041 | _aeng | ||
| 082 | 0 | 0 |
_a937 _222 _bSHA 1966 |
| 100 | 1 |
_aSherwin-White, Nicholas _975517 |
|
| 245 | 0 | 0 |
_aAncient Rome / _cSherwin-White, Nicholas |
| 260 |
_aLongmans : _bBritannica Educational Pub. in association with Rosen Educational Services, _c1959 [Reprinted 1966] |
||
| 300 |
_a92 p. : _bill. (some col.) ; _c24 cm. |
||
| 490 | 0 | _aAncient civilizations | |
| 504 | _aIncludes bibliographical references (p. 83-86) and index. | ||
| 651 | 0 |
_aRome _xCivilization _vJuvenile literature. _975518 |
|
| 651 | 0 |
_aRome _xHistory _vJuvenile literature. _975519 |
|
| 942 |
_2ddc _cBK |
||
| 999 |
_c24534 _d24534 |
||